000 00662nam a2200229Ia 4500
003 OSt
005 20220918200956.0
006 a|||||r|||| 00| 0
007 ta
008 220917b |||||||| |||| 00| 0 eng d
024 _a91,058
037 _cTextual
040 _aARTS
_cARTS
_beng
041 _2eng
_aeng
082 _aVxM34:2, D7
100 _aDalberg Action John Emericah Edward
_996237
245 0 _aHistory of freedom and other essays ed by John Neville Figgis and Reginald Vere Laurence
260 _c1937
650 _aHISTORY
942 _hVxM34:2, D7
_cTEXL
_2CC
999 _c214718
_d214718